000
00226nam a22001097a 4500
082
_a
SCH
100
_a
Schwarz S E
245
_a
Electromagnetic for engineers
260
_a
London
_b
HRW Pub
_c
1990
300
_a
412
942
_c
BK
999
_c
57774
_d
57771